| 000 | 00633nam a2200241Ia 4500 | ||
|---|---|---|---|
| 003 | OSt | ||
| 005 | 20230525170812.0 | ||
| 008 | 210423s2008 xx 000 0 und d | ||
| 020 | _a978-81-8128-818-9 | ||
| 040 | _cAL | ||
| 041 | _aeng | ||
| 082 |
_a664.07 _223 _bBELF |
||
| 100 |
_aBELITZ(H D);GR0SCH (W.);SCHIEBERLE (P) _9114466 |
||
| 245 | _aFood chemistry Ed 3 | ||
| 250 | _a3 | ||
| 260 |
_aNew Delhi _bSpringer Pvt Ltd _c2008 |
||
| 300 |
_axliv,1070 _bPB |
||
| 365 |
_b1395 _cINR |
||
| 650 |
_aChemical Engineering _9114467 |
||
| 650 |
_aFood Technology _9114468 |
||
| 906 | _achemistry ; Ed3 ; Food | ||
| 942 |
_2ddc _cBK |
||
| 999 |
_c167480 _d167480 |
||